Road investment to foster local economic development : (Record no. 543254)
[ view plain ]
| 000 -LEADER | |
|---|---|
| fixed length control field | 00687cam a2200169 a 4500 |
| 082 ## - DEWEY DECIMAL CLASSIFICATION NUMBER | |
| Classification number | 388.11 |
| Author Mark | ROA |
| 245 00 - TITLE STATEMENT | |
| Title | Road investment to foster local economic development : |
| Remainder of title | a report / |
| Statement of responsibility, etc. | prepared by the Public Policy Center, the University of Iowa. |
| 260 ## - PUBLICATION, DISTRIBUTION, ETC. | |
| Place of publication, distribution, etc. | Iowa City, IA : |
| Name of publisher, distributor, etc. | Midwest Transportation Center, |
| Date of publication, distribution, etc. | [1990] |
| 300 ## - PHYSICAL DESCRIPTION | |
| Extent | xiii, 98 p. : |
| Other physical details | ill. ; |
| Dimensions | 26 cm. |
| 500 ## - GENERAL NOTE | |
| General note | "In conjunction with the Midwest Transportation Center"--Cover. |
| 526 ## - STUDY PROGRAM INFORMATION NOTE | |
| Program name | 0 |
| Interest level | 0 |
| Reading level | 0 |
| Title point value | 388_110000000000000_ROA |
| 650 #0 - SUBJECT ADDED ENTRY--TOPICAL TERM | |
| Topical term or geographic name entry element | MCE |
| 9 (RLIN) | 379 |
| 650 #0 - SUBJECT ADDED ENTRY--TOPICAL TERM | |
| Topical term or geographic name entry element | Roads |
| General subdivision | Economic aspects |
| Geographic subdivision | United States. |
| 9 (RLIN) | 38624 |
| 710 2# - ADDED ENTRY--CORPORATE NAME | |
| Corporate name or jurisdiction name as entry element | Midwest Transportation Center. |
| 9 (RLIN) | 38625 |
| 710 2# - ADDED ENTRY--CORPORATE NAME | |
| Corporate name or jurisdiction name as entry element | University of Iowa. |
| 9 (RLIN) | 38626 |
| 942 ## - ADDED ENTRY ELEMENTS (KOHA) | |
| Source of classification or shelving scheme | |
| Koha item type | Book |
| Withdrawn status | Lost status | Source of classification or shelving scheme | Damaged status | Not for loan | Permanent Location | Current Location | Date acquired | Total Checkouts | Full call number | Barcode | Date last seen | Price effective from | Koha item type |
|---|---|---|---|---|---|---|---|---|---|---|---|---|---|
| Military College of Engineering (MCE) | Military College of Engineering (MCE) | 03/19/2014 | 388.11 ROA | MCE-43183 | 03/19/2014 | 03/19/2014 | Book |
